000 00448nam a22001457a 4500
005 20260306042958.0
008 220718b |||||||| |||| 00| 0 eng d
082 _aPOL.SOC CAP NO.162
100 _aDorji, Yeshi
245 _aBody image and the practice of using fitness centers:
_ba case study in Thimphu
260 _aThimphu :
_bRoyal Thimphu College,
_c2022.
300 _av, 61 p.
_c30 cm.
650 _aStudent research work
942 _2ddc
_cMAIN
999 _c9025
_d9026